| 000 | 01586cam a2200457 a 4500 | ||
|---|---|---|---|
| 999 |
_c2439 _d2439 |
||
| 001 | 1621699 | ||
| 003 | OSt | ||
| 005 | 20230601094850.0 | ||
| 008 | 190805s2018 nyuab c 000 1 eng d | ||
| 010 | _a2011283482 | ||
| 020 |
_a9780545103749 _q(pbk.) : |
||
| 040 |
_aKML _beng _cKML _eaacr2 _dKH8 |
||
| 041 | 1 |
_aeng _hita |
|
| 042 | _anbic | ||
| 082 | _aFIC STI | ||
| 100 | 1 |
_aStilton, Geronomo. _eAuthor |
|
| 240 | 1 | 0 |
_aRitorno a Rocca Taccagna. _lEnglish. |
| 245 | 1 | 4 |
_aThe haunted castle / _cGeronomo Stilton ; illustrations by Claudio Cernuschi and Valentina Grassini ; translated by Julia Heim. |
| 260 |
_aNew York : _bScholastic, _c2018. |
||
| 300 |
_a109 p. : _bcol. ill., col. map ; _c20 cm. |
||
| 490 | 1 |
_aGeronimo Stilton ; _v46. |
|
| 500 | _aLexile 680. | ||
| 500 | _aTranslation of: Ritorno a rocca taccagna. | ||
| 500 | _aTranslated from the Italian. | ||
| 520 | _aUncle Samuel S. Stingysnout invites the whole Stilton family to creepy, faraway Penny Pincher Castle for a big surprise. | ||
| 521 | 8 | _aRL3. | |
| 521 | 8 | _a007-010. | |
| 650 | 0 |
_aMice _vFiction. |
|
| 650 | 0 |
_aHaunted places _vFiction. |
|
| 650 | 0 |
_aCastles _vFiction. |
|
| 650 | 0 | _aHumorous stories. | |
| 650 | 0 |
_aMice _vJuvenile fiction. |
|
| 650 | 0 |
_aCastles _vJuvenile fiction. |
|
| 650 | 0 |
_aJournalists _vJuvenile fiction. |
|
| 650 | 0 | _aAdventure stories. | |
| 650 | 0 |
_aDetective and mystery stories _vJuvenile fiction. |
|
| 700 | 1 |
_aCernuschi, Claudio. _eIllustrator |
|
| 700 | 1 |
_aGrassini, Valentina, _d1981- _eIllustrator |
|
| 830 | 0 |
_aGeronimo Stilton ; _v46. |
|
| 942 |
_2ddc _cFIC |
||